[Event "BCF-chT3N 1819 (4NCL)"]
[Site "England"]
[Date "2018.11.11"]
[Round "2.15"]
[White "Lee, Michael A"]
[Black "Hilton, Tim"]
[Result "1/2-1/2"]
[WhiteElo "1464"]
[BlackElo "1960"]
[PlyCount "68"]
[EventDate "2018.11.10"]
[EventType "team-swiss"]
[EventRounds "11"]
[EventCountry "ENG"]
[SourceTitle "EXT 2021"]
[Source "ChessBase"]
[SourceDate "2020.10.23"]
[SourceVersion "1"]
[SourceVersionDate "2020.10.23"]
[SourceQuality "1"]
[WhiteTeam "Holmes Chapel"]
[BlackTeam "Manchester Manticores II"]
[WhiteTeamCountry "ENG"]
[BlackTeamCountry "ENG"]

1. e4 c5 2. Nc3 g6 3. f4 Bg7 4. Nf3 Nc6 5. Bb5 Nd4 6. 0-0 Nxb5 7. Nxb5 d5 8. d3 a6 9. Nc3 d4 10. Ne2 Bg4 11. Bd2 Nf6 12. Qe1 Bxf3 13. Rxf3 e6 14. Qh4 Nd7 15. Qxd8+ Rxd8 16. Raf1 f5 17. exf5 exf5 18. c3 0-0 19. cxd4 cxd4 20. Rc1 Rc8 21. Rff1 Nc5 22. Rf3 Na4 23. b3 Nc3 24. Bxc3 dxc3 25. d4 c2 26. Kf1 Rfe8 27. Rd3 g5 28. Rd2 gxf4 29. Rdxc2 Rcd8 30. Rc7 Bxd4 31. Nxd4 Rxd4 32. Rxb7 Red8 33. Ke2 Re4+ 34. Kf1 Red4 1/2-1/2

[Event "GBR-ch U1750 op 104th"]
[Site "Llandudno"]
[Date "2017.08.01"]
[Round "2"]
[White "Jaufarally, Mohammud"]
[Black "Lee, Michael A"]
[Result "1/2-1/2"]
[WhiteElo "1450"]
[BlackElo "1630"]
[PlyCount "64"]
[EventDate "2017.07.31"]
[EventType "swiss"]
[EventRounds "5"]
[EventCountry "WLS"]
[SourceTitle "EXT 2019"]
[Source "ChessBase"]
[SourceDate "2018.10.10"]
[SourceVersion "1"]
[SourceVersionDate "2018.10.10"]
[SourceQuality "1"]

1. d4 d5 2. Nf3 Nf6 3. Bf4 e6 4. e3 Nbd7 5. Nbd2 b6 6. Bd3 Bb7 7. c3 Bd6 8. Bxd6 cxd6 9. Bc2 0-0 10. 0-0 e5 11. a3 Rc8 12. Nh4 Ne4 13. Ndf3 Qf6 14. g3 Ba6 15. Re1 g5 16. dxe5 Nxe5 17. Bxe4 dxe4 18. Nxe5 Qxe5 19. Qg4 Rc5 20. Ng2 Bc8 21. Qe2 a6 22. Rad1 Bb7 23. Rd4 d5 24. Qc2 Rfc8 25. Qe2 Qf5 26. Qh5 R8c6 27. h4 Rg6 28. Nf4 Rg7 29. hxg5 Rxg5 30. Qd1 h5 31. Kf1 Bc6 32. Ke2 Qg4+ 1/2-1/2

[Event "BCF-ch Seniors U130"]
[Site "Aberystwyth"]
[Date "2014.07.31"]
[Round "4"]
[White "Lee, Michael A"]
[Black "Gunn, Michael J"]
[Result "0-1"]
[WhiteElo "122"]
[BlackElo "128"]
[PlyCount "84"]
[EventDate "2014.07.20"]
[EventType "swiss"]
[EventRounds "5"]
[EventCountry "WLS"]
[SourceTitle "EXT 2017"]
[Source "ChessBase"]
[SourceDate "2016.10.25"]
[SourceVersion "1"]
[SourceVersionDate "2016.10.25"]
[SourceQuality "1"]

1. e4 e6 2. d3 c5 3. Nf3 Nc6 4. g3 g6 5. Bg2 Bg7 6. 0-0 Nge7 7. Re1 e5 8. Nbd2 d6 9. c3 0-0 10. Nf1 h6 11. Be3 Kh7 12. Qd2 f5 13. exf5 Nxf5 14. h4 Nxe3 15. Nxe3 Ne7 16. Nh2 Rb8 17. Nhg4 h5 18. Nh2 Bh6 19. Qe2 b6 20. Rf1 Bb7 21. f3 Bxe3+ 22. Qxe3 Nf5 23. Qe1 Qe7 24. f4 Bxg2 25. Kxg2 Qb7+ 26. Nf3 Rbe8 27. Qe4 Qxe4 28. dxe4 Ne3+ 29. Kh3 Nxf1 30. Ng5+ Kg7 31. Rxf1 exf4 32. gxf4 Rf6 33. Kg3 Kh6 34. Kf3 Re7 35. Ke3 d5 36. e5 Rxe5+ 37. fxe5 Rxf1 38. Ke2 Rf5 39. e6 Rxg5 40. hxg5+ Kg7 41. Ke3 Kf8 42. Kf4 d4 0-1